Geografia dla hardkorów (Część 4 - Ameryka Południowa) - Statystyki

Ogólne statystyki
  • Ten quiz został rozwiązany 34 razy
  • Średni wynik to 10 z 13
Statystyki odpowiedzi
Hint Odpowiedź % Poprawnych
Ma nieustalony przebieg granicy państwowej przy granicy z prowincją Santa Cruz (należącej do innego państwa). Chile
90%
Nazwa tego kraju pochodzi od imienia pewnego podróżnika, który jednak nigdy na tych terenach się nie pojawił. Kolumbia
86%
Posiada marynarkę wojenną, pływającą na wysokościach, na których w innych regionach świata można czasami spotkać samoloty. Boliwia
83%
W gminie Aurea w tym kraju jednym z języków urzędowych jest język polski. Brazylia
83%
Imperium Inków znajdowało się w większości na terenie tego kraju. Peru
79%
W tym kraju toczyła się jedna z najbardziej krwawych wojen. Zginęło w niej od 50 do 60% mieszkańców tego kraju. Paragwaj
76%
Kraj, który w 2024 roku miał najszybciej rosnące PKB na świecie (nie licząc Makau). Gujana
72%
Kod samochodowy tego kraju to ROU. Urugwaj
72%
Ostatni poważniejszy konflikt zbrojny w jakim to państwo brało udział, miał miejsce przeciwko jednemu z krajów NATO. Argentyna
69%
Główną religią tego kraju jest hinduizm. Surinam
69%
Gospodarka tego kraju opiera się głównie na eksporcie ropy naftowej. Wenezuela
69%
W tym państwie produkuje się kapelusze panama. Ekwador
66%
Z tego kraju pochodzi artystka o pseudonimie Nicky Minaj. Trynidad i Tobago
66%
Nie znaleziono quizów pasujących do podanych kryteriów
Rozkład punktacji
Procent ludzi z każdym wynikiem
Percentyl według liczby udzielonych odpowiedzi
Twoja historia wyników
Nie rozwiązałeś tego quizu